[Event "POL-chT 1st League"]
[Site "Darlowo"]
[Date "2024.09.22"]
[Round "9.27"]
[White "Czerw, Dawid"]
[Black "Szustakowski, Antoni"]
[Result "0-1"]
[WhiteElo "2389"]
[BlackElo "2343"]
[PlyCount "146"]
[EventDate "2024.09.14"]
[EventType "team-swiss"]
[EventRounds "9"]
[EventCountry "POL"]
[SourceTitle "EXT 2025"]
[Source "ChessBase"]
[SourceDate "2024.10.14"]
[SourceVersion "1"]
[SourceVersionDate "2024.10.14"]
[SourceQuality "1"]

1. d4 Nf6 2. c4 e6 3. Nc3 Bb4 4. e3 0-0 5. Bd3 d5 6. cxd5 exd5 7. a3 Bd6 8. Qc2 a6 9. Nge2 Re8 10. b4 b6 11. b5 axb5 12. Nxb5 Ba6 13. Nxd6 Qxd6 14. f3 Nc6 15. Bxa6 Rxa6 16. 0-0 Na5 17. Ng3 Qc6 18. Qxc6 Nxc6 19. Bd2 Na5 20. Bxa5 Rxa5 21. Rfc1 c5 22. dxc5 bxc5 23. Rc3 g6 24. Rb1 Rea8 25. Rb6 Kg7 26. Rc6 c4 27. e4 Rxa3 28. Rxa3 Rxa3 29. exd5 Nxd5 30. Rxc4 Ne3 31. Rc1 Ra2 32. Re1 Nxg2 33. Re2 Rxe2 34. Nxe2 Ne3 35. Kf2 Nf5 36. f4 Kh6 37. Ng1 Kh5 38. Nf3 f6 39. h3 Kh6 40. Nh2 Kg7 41. Nf3 Kf7 42. Nd2 Ke6 43. Ne4 Nd6 44. Nc3 Nc4 45. Kf3 Nb6 46. Ke4 f5+ 47. Kf3 Nd5 48. Nb5 Nf6 49. Nc3 Kd6 50. Nb5+ Kc6 51. Nd4+ Kd5 52. Nb5 Ne8 53. Nc3+ Kd4 54. Nb5+ Kc5 55. Nc3 Nf6 56. Na4+ Kd4 57. Nb6 Kd3 58. Nc8 Ne4 59. Ne7 Nd2+ 60. Kg3 Ke4 61. Ng8 Ke3 62. Ne7 Ke2 63. Kh4 Nf3+ 64. Kg3 Nd4 65. Nd5 Ne6 66. Nf6 h6 67. Ng8 g5 68. Nxh6 gxf4+ 69. Kh4 Nd4 70. Ng8 f3 71. Nf6 f2 72. Nh5 f4 73. Nxf4+ Kf3 0-1

[Event "POL-chT 1st League"]
[Site "Darlowo"]
[Date "2024.09.17"]
[Round "4.33"]
[White "Kistrup, Nicolai"]
[Black "Czerw, Dawid"]
[Result "1-0"]
[WhiteElo "2421"]
[BlackElo "2389"]
[PlyCount "67"]
[EventDate "2024.09.14"]
[EventType "team-swiss"]
[EventRounds "9"]
[EventCountry "POL"]
[SourceTitle "EXT 2025"]
[Source "ChessBase"]
[SourceDate "2024.10.14"]
[SourceVersion "1"]
[SourceVersionDate "2024.10.14"]
[SourceQuality "1"]

1. e4 c5 2. Nf3 Nc6 3. Bb5 e6 4. Bxc6 bxc6 5. b3 Ne7 6. Bb2 d6 7. e5 Nf5 8. Qe2 f6 9. exf6 gxf6 10. g4 Ng7 11. Rg1 e5 12. Nc3 Be6 13. 0-0-0 Be7 14. Ne4 Qd7 15. g5 fxg5 16. Nfxg5 h6 17. Nf3 Rg8 18. Nxc5 dxc5 19. Nxe5 Qc8 20. Rde1 Nf5 21. Rxg8+ Bxg8 22. Ng6 Qe6 23. Qxe6 Bxe6 24. Rxe6 Kf7 25. Rxc6 Bd6 26. Nh4 Nxh4 27. Rxd6 Rg8 28. Rf6+ Ke7 29. Bc3 Rg6 30. Rf4 Ng2 31. Ra4 a6 32. Ra5 Nf4 33. Rxc5 Rg2 34. Be5 1-0

[Event "Titled Tuesday intern op 30th Jul Early"]
[Site "Chess.com INT"]
[Date "2024.07.30"]
[Round "6"]
[White "Czerw, Dawid"]
[Black "Ambartsumian, Tyhran"]
[Result "0-1"]
[WhiteElo "2389"]
[BlackElo "2156"]
[PlyCount "82"]
[EventDate "2024.07.30"]
[EventType "swiss (blitz)"]
[EventRounds "11"]
[EventCountry "USA"]
[SourceTitle "EXT 2025"]
[Source "ChessBase"]
[SourceDate "2024.10.14"]
[SourceVersion "1"]
[SourceVersionDate "2024.10.14"]
[SourceQuality "1"]

1. e4 Nf6 2. e5 Nd5 3. d4 d6 4. Nf3 Bg4 5. Be2 e6 6. exd6 Bxd6 7. c4 Nf4 8. Bxf4 Bxf4 9. Nc3 c6 10. h3 Bh5 11. 0-0 Nd7 12. Nd2 Bg6 13. Nde4 Nf6 14. Bf3 Bc7 15. Nc5 Qd6 16. g3 Rb8 17. Qa4 0-0 18. Rad1 a6 19. b4 Bb6 20. Qb3 Rfd8 21. Nxa6 bxa6 22. c5 Qc7 23. cxb6 Qxb6 24. a3 a5 25. Na4 Qb5 26. Nc3 Qf5 27. Bg2 axb4 28. axb4 Qc2 29. Qc4 Nd5 30. Rc1 Qd3 31. Nxd5 cxd5 32. Qxd3 Bxd3 33. Rfd1 Bg6 34. g4 Rxb4 35. h4 h5 36. f3 Rb2 37. Bf1 Ra8 38. g5 Raa2 39. Rc8+ Kh7 40. Rdc1 Rc2 41. Rb1 Rxc8 0-1

[Event "Titled Tuesday intern op 30th Jul Early"]
[Site "Chess.com INT"]
[Date "2024.07.30"]
[Round "2"]
[White "Czerw, Dawid"]
[Black "Baladjaev, Gara"]
[Result "1-0"]
[WhiteElo "2389"]
[BlackElo "2404"]
[PlyCount "65"]
[EventDate "2024.07.30"]
[EventType "swiss (blitz)"]
[EventRounds "11"]
[EventCountry "USA"]
[SourceTitle "EXT 2025"]
[Source "ChessBase"]
[SourceDate "2024.10.14"]
[SourceVersion "1"]
[SourceVersionDate "2024.10.14"]
[SourceQuality "1"]

1. e4 c5 2. Nf3 d6 3. d4 cxd4 4. Nxd4 Nf6 5. Nc3 a6 6. h4 e6 7. h5 Be7 8. Be3 Nc6 9. Nxc6 bxc6 10. e5 dxe5 11. Qxd8+ Bxd8 12. Na4 0-0 13. Bc5 Re8 14. Bd6 e4 15. h6 g6 16. 0-0-0 Ng4 17. Bg3 Bg5+ 18. Kb1 Nxh6 19. Nc5 e3 20. f4 Nf5 21. Bh2 Bf6 22. g4 Nd4 23. Re1 Nf3 24. Ne4 Nd2+ 25. Nxd2 exd2 26. Rd1 Rb8 27. b3 Bc3 28. Be2 Rb4 29. Rhf1 Rd4 30. Bg1 Rd5 31. Bf3 Rdd8 32. Bb6 Rd6 33. Bc5 1-0

[Event "Titled Tuesday intern op 30th Jul Early"]
[Site "Chess.com INT"]
[Date "2024.07.30"]
[Round "11"]
[White "Czerw, Dawid"]
[Black "Trifan, Andrei Ioan"]
[Result "0-1"]
[WhiteElo "2389"]
[BlackElo "2289"]
[PlyCount "58"]
[EventDate "2024.07.30"]
[EventType "swiss (blitz)"]
[EventRounds "11"]
[EventCountry "USA"]
[SourceTitle "EXT 2025"]
[Source "ChessBase"]
[SourceDate "2024.10.14"]
[SourceVersion "1"]
[SourceVersionDate "2024.10.14"]
[SourceQuality "1"]

1. e4 c5 2. Nf3 Nc6 3. d4 cxd4 4. Nxd4 g6 5. Nc3 Bg7 6. Be3 Nf6 7. Nxc6 bxc6 8. e5 Ng8 9. f4 Rb8 10. Bxa7 Rxb2 11. Bd4 Qa5 12. Qd2 Nh6 13. Ne4 Qxd2+ 14. Kxd2 Rb8 15. a4 Nf5 16. Bf2 d6 17. a5 dxe5 18. a6 exf4 19. a7 Ra8 20. Rb1 0-0 21. Rb8 Be6 22. Rb7 Bd5 23. Nc5 Nd6 24. Rxe7 Nc8 25. Rc7 Rxa7 26. Rxa7 Nxa7 27. Nd7 Rd8 28. Bxa7 Rxd7 29. Bc5 Bxg2+ 0-1

[Event "Titled Tuesday intern op 16th Jul Early"]
[Site "Chess.com INT"]
[Date "2024.07.16"]
[Round "2"]
[White "Nugumanov, Bakhtiyar"]
[Black "Czerw, Dawid"]
[Result "0-1"]
[WhiteElo "2288"]
[BlackElo "2389"]
[PlyCount "62"]
[EventDate "2024.07.16"]
[EventType "swiss (blitz)"]
[EventRounds "11"]
[EventCountry "USA"]
[SourceTitle "EXT 2025"]
[Source "ChessBase"]
[SourceDate "2024.10.14"]
[SourceVersion "1"]
[SourceVersionDate "2024.10.14"]
[SourceQuality "1"]

1. d4 Nf6 2. c4 e6 3. Nf3 d5 4. g3 Be7 5. Bg2 0-0 6. 0-0 dxc4 7. Qc2 b5 8. a4 b4 9. Qxc4 Ba6 10. Qc2 c5 11. dxc5 Qc8 12. Be3 Nd5 13. Bd4 Nc6 14. Rc1 Rd8 15. Nbd2 Bxe2 16. Be3 Nxe3 17. fxe3 Bd3 18. Qb3 Rb8 19. Nc4 Qa6 20. Nfe5 Nxe5 21. Nxe5 Rbc8 22. c6 Bf5 23. c7 Rd2 24. Nc6 Bf8 25. Bf1 Qb6 26. Nd4 Be4 27. Qc4 e5 28. Nc2 Bxc2 29. Rxc2 Qxe3+ 30. Kh1 Rxc2 31. Qxc2 Bc5 0-1

[Event "Titled Tuesday intern op 16th Jul Early"]
[Site "Chess.com INT"]
[Date "2024.07.16"]
[Round "8"]
[White "Yagupov, Igor"]
[Black "Czerw, Dawid"]
[Result "1-0"]
[WhiteElo "2232"]
[BlackElo "2389"]
[PlyCount "67"]
[EventDate "2024.07.16"]
[EventType "swiss (blitz)"]
[EventRounds "11"]
[EventCountry "USA"]
[SourceTitle "EXT 2025"]
[Source "ChessBase"]
[SourceDate "2024.10.14"]
[SourceVersion "1"]
[SourceVersionDate "2024.10.14"]
[SourceQuality "1"]

1. Nf3 c5 2. e4 Nc6 3. d4 cxd4 4. Nxd4 Nf6 5. Nc3 e5 6. Ndb5 d6 7. Bg5 a6 8. Na3 b5 9. Bxf6 gxf6 10. Nd5 f5 11. c3 Bg7 12. exf5 Bxf5 13. Nc2 0-0 14. Nce3 Be6 15. Bd3 f5 16. 0-0 Kh8 17. a4 b4 18. Qh5 e4 19. Bc2 Ne7 20. Rad1 h6 21. g3 Rc8 22. Kh1 a5 23. f3 Bf7 24. Qh3 Bg6 25. fxe4 fxe4 26. Qe6 Nxd5 27. Qxg6 Nf6 28. Nf5 Qc7 29. Rxd6 Ng8 30. Rc6 Qe5 31. Rxc8 Rxc8 32. Nd6 Rf8 33. Rxf8 Bxf8 34. Nf7# 1-0

[Event "Titled Tuesday intern op 02nd Jul Early"]
[Site "Chess.com INT"]
[Date "2024.07.02"]
[Round "10"]
[White "Anupam, M Sreekumar"]
[Black "Czerw, Dawid"]
[Result "0-1"]
[WhiteElo "1932"]
[BlackElo "2389"]
[PlyCount "42"]
[EventDate "2024.07.02"]
[EventType "swiss (blitz)"]
[EventRounds "11"]
[EventCountry "USA"]
[SourceTitle "EXT 2025"]
[Source "ChessBase"]
[SourceDate "2024.10.14"]
[SourceVersion "1"]
[SourceVersionDate "2024.10.14"]
[SourceQuality "1"]

1. e4 c5 2. c3 Nc6 3. d4 d5 4. e5 Bf5 5. Nf3 e6 6. Bd3 Bxd3 7. Qxd3 Nge7 8. 0-0 Nf5 9. a3 cxd4 10. cxd4 Be7 11. Rd1 0-0 12. Nbd2 f6 13. exf6 Bxf6 14. Nb3 g5 15. Nc5 Qe7 16. Re1 Nfxd4 17. Nxe6 Nxe6 18. Qxd5 Rae8 19. Bxg5 Bxg5 20. Nxg5 Qxg5 21. Qc4 Qf6 0-1

[Event "Titled Tuesday intern op 02nd Jul Early"]
[Site "Chess.com INT"]
[Date "2024.07.02"]
[Round "9"]
[White "Czerw, Dawid"]
[Black "Yagupov, Igor"]
[Result "0-1"]
[WhiteElo "2389"]
[BlackElo "2232"]
[PlyCount "82"]
[EventDate "2024.07.02"]
[EventType "swiss (blitz)"]
[EventRounds "11"]
[EventCountry "USA"]
[SourceTitle "EXT 2025"]
[Source "ChessBase"]
[SourceDate "2024.10.14"]
[SourceVersion "1"]
[SourceVersionDate "2024.10.14"]
[SourceQuality "1"]

1. d4 d5 2. c4 e6 3. Nc3 c6 4. e4 dxe4 5. Nxe4 Bb4+ 6. Bd2 Qxd4 7. Bxb4 Qxe4+ 8. Be2 Na6 9. Ba5 b6 10. Qd6 Bd7 11. Bc3 f6 12. 0-0-0 0-0-0 13. b3 Nh6 14. Bf3 Qg6 15. Bxc6 Qf7 16. Nf3 Nf5 17. Bxd7+ Rxd7 18. Qc6+ Nc7 19. c5 bxc5 20. Ba5 Rhd8 21. Qxc5 Rxd1+ 22. Rxd1 Rxd1+ 23. Kxd1 Qd7+ 24. Kc1 Kb7 25. g4 Ne7 26. Nd4 Ned5 27. Bxc7 Nxc7 28. b4 e5 29. Nb3 Ne6 30. Na5+ Ka8 31. Qc4 Kb8 32. b5 Qd6 33. Nc6+ Kb7 34. a4 Qc5 35. Qxc5 Nxc5 36. Kb2 Nxa4+ 37. Ka3 Nc5 38. Kb4 Ne6 39. Kc4 Kb6 40. Kd5 Nf4+ 41. Ke4 a5 0-1

[Event "Titled Tuesday intern op 02nd Jul Early"]
[Site "Chess.com INT"]
[Date "2024.07.02"]
[Round "2"]
[White "Ivanova, Karina"]
[Black "Czerw, Dawid"]
[Result "0-1"]
[WhiteElo "2085"]
[BlackElo "2389"]
[PlyCount "122"]
[EventDate "2024.07.02"]
[EventType "swiss (blitz)"]
[EventRounds "11"]
[EventCountry "USA"]
[SourceTitle "EXT 2025"]
[Source "ChessBase"]
[SourceDate "2024.10.14"]
[SourceVersion "1"]
[SourceVersionDate "2024.10.14"]
[SourceQuality "1"]

1. Nc3 g5 2. Nf3 e6 3. e4 Bg7 4. d4 h6 5. h4 g4 6. Ne5 h5 7. Bf4 d6 8. Nc4 Ne7 9. Qd2 Ng6 10. Bg5 Qd7 11. 0-0-0 Nc6 12. d5 Nce5 13. dxe6 fxe6 14. Nxe5 Nxe5 15. Bb5 c6 16. Ba4 Nc4 17. Qe2 b5 18. Bb3 Nxb2 19. Kxb2 b4 20. f3 gxf3 21. gxf3 a5 22. f4 Ba6 23. Bc4 Bxc3+ 24. Kb1 Bxc4 25. Qxc4 d5 26. Qd3 a4 27. exd5 cxd5 28. f5 e5 29. Qxd5 Qxd5 30. Rxd5 b3 31. Bf6 0-0 32. Rg1+ Kf7 33. Bxe5 Bxe5 34. Rxe5 bxc2+ 35. Kxc2 Rfc8+ 36. Kd3 Rd8+ 37. Ke4 Rac8 38. Rg2 Rc4+ 39. Ke3 Rxh4 40. Re4 Rh3+ 41. Kf4 Rd1 42. Ke5 Rc3 43. Rxa4 Rc5+ 44. Ke4 Re1+ 45. Kd3 Rxf5 46. Ra7+ Kf6 47. Ra6+ Kf7 48. Ra7+ Kf6 49. Ra6+ Re6 50. Rg6+ Kxg6 51. Rxe6+ Kg5 52. Re2 h4 53. Kc3 h3 54. a4 Kg4 55. Kb4 Rf4+ 56. Kb5 Kg3 57. Re3+ Rf3 58. Rxf3+ Kxf3 59. a5 h2 60. a6 h1Q 61. a7 Kf2 0-1

[Event "Titled Tuesday intern op 02nd Jul Early"]
[Site "Chess.com INT"]
[Date "2024.07.02"]
[Round "4"]
[White "Piesik, Piotr"]
[Black "Czerw, Dawid"]
[Result "1-0"]
[WhiteElo "2415"]
[BlackElo "2389"]
[PlyCount "75"]
[EventDate "2024.07.02"]
[EventType "swiss (blitz)"]
[EventRounds "11"]
[EventCountry "USA"]
[SourceTitle "EXT 2025"]
[Source "ChessBase"]
[SourceDate "2024.10.14"]
[SourceVersion "1"]
[SourceVersionDate "2024.10.14"]
[SourceQuality "1"]

1. d4 Nf6 2. c4 e6 3. Nc3 Bb4 4. f3 d5 5. a3 Bxc3+ 6. bxc3 c5 7. cxd5 exd5 8. e3 0-0 9. Bd3 b6 10. Ne2 Ba6 11. 0-0 Bxd3 12. Qxd3 Nc6 13. Ng3 Rc8 14. Bb2 Na5 15. Rae1 cxd4 16. cxd4 Qc7 17. Re2 Qc4 18. Qd1 Qb3 19. Qxb3 Nxb3 20. e4 Na5 21. e5 Nd7 22. Nf5 Rc7 23. Ne7+ Kh8 24. Nxd5 Rc4 25. f4 Rfc8 26. Ne3 Ra4 27. d5 Re4 28. g3 Nc4 29. Bc1 Nxe3 30. Rxe3 Rec4 31. e6 fxe6 32. dxe6 Nf6 33. Bb2 Ng4 34. Re2 Kg8 35. Rd1 R4c7 36. Rd7 Rc2 37. Rxc2 Rxc2 38. Rd8# 1-0

[Event "Titled Tuesday intern op 25th Jun Early"]
[Site "Chess.com INT"]
[Date "2024.06.25"]
[Round "10"]
[White "Gomez Falagan, Daniel"]
[Black "Czerw, Dawid"]
[Result "1/2-1/2"]
[WhiteElo "2263"]
[BlackElo "2389"]
[PlyCount "120"]
[EventDate "2024.06.25"]
[EventType "swiss (blitz)"]
[EventRounds "11"]
[EventCountry "USA"]
[SourceTitle "EXT 2025"]
[Source "ChessBase"]
[SourceDate "2024.10.14"]
[SourceVersion "1"]
[SourceVersionDate "2024.10.14"]
[SourceQuality "1"]

1. e4 c5 2. Nf3 g6 3. d4 cxd4 4. Nxd4 Bg7 5. c4 Nc6 6. Be3 Nf6 7. Nc3 Kf8 8. Be2 d6 9. 0-0 Kg8 10. f4 h6 11. Nxc6 bxc6 12. e5 Ne8 13. exd6 exd6 14. Bd3 Qe7 15. Qf3 Bg4 16. Qf2 Nc7 17. Rae1 Qd7 18. f5 Bxf5 19. Bxf5 Qxf5 20. Qxf5 gxf5 21. Rxf5 Re8 22. Bf2 Rxe1+ 23. Bxe1 Bd4+ 24. Bf2 Bxf2+ 25. Kxf2 Kg7 26. Ne4 d5 27. Nd6 f6 28. cxd5 cxd5 29. Rf3 Rd8 30. Nf5+ Kg6 31. Nd4 Rb8 32. b3 Rb4 33. Ke3 Kf7 34. Kd3 Ne6 35. Nxe6 Kxe6 36. Rh3 Rf4 37. Ke3 Re4+ 38. Kf3 Rd4 39. Rxh6 Rd2 40. g4 Ke5 41. Rh5+ Ke6 42. Rh7 Rxa2 43. h4 Rb2 44. Rxa7 Rxb3+ 45. Kf4 Rb4+ 46. Kg3 Ke5 47. h5 Rb3+ 48. Kh4 d4 49. h6 Rb1 50. Kh5 d3 51. Rd7 Ke4 52. Kg6 Rg1 53. h7 Rxg4+ 54. Kxf6 Rh4 55. Kg7 Rg4+ 56. Kf8 Rh4 57. Kg8 Ke3 58. h8Q Rxh8+ 59. Kxh8 d2 60. Rxd2 Kxd2 1/2-1/2

[Event "Titled Tuesday intern op 09th Jan Late"]
[Site "Chess.com INT"]
[Date "2024.01.09"]
[Round "9"]
[White "Czerw, Dawid"]
[Black "Ibadov, Dashgyn"]
[Result "1-0"]
[WhiteElo "2394"]
[BlackElo "2360"]
[PlyCount "91"]
[EventDate "2024.01.09"]
[EventType "swiss (blitz)"]
[EventRounds "11"]
[EventCountry "USA"]
[SourceTitle "EXT 2025"]
[Source "ChessBase"]
[SourceDate "2024.10.14"]
[SourceVersion "1"]
[SourceVersionDate "2024.10.14"]
[SourceQuality "1"]

1. e4 e6 2. b3 d5 3. Bb2 Nf6 4. e5 Nfd7 5. d4 c5 6. c3 Nc6 7. Nf3 cxd4 8. cxd4 Bb4+ 9. Nbd2 f6 10. exf6 Nxf6 11. Bd3 0-0 12. 0-0 Bd6 13. Qe2 Bd7 14. Rae1 Qc7 15. g3 Rae8 16. Ne5 Bc8 17. f4 Qb6 18. Ndf3 Bxe5 19. fxe5 Ne4 20. Bxe4 dxe4 21. Qxe4 Ne7 22. Ng5 Ng6 23. h4 Bd7 24. h5 Bc6 25. Qc2 Qd8 26. Nxh7 Qd5 27. Qh2 Kxh7 28. hxg6+ Kxg6 29. Qh3 Rf5 30. g4 Rxf1+ 31. Rxf1 Rh8 32. Qd3+ Qe4 33. Qxe4+ Bxe4 34. Ba3 Rh1+ 35. Kf2 Rh2+ 36. Ke3 Bd5 37. Be7 Rxa2 38. Rc1 Bxb3 39. Rc7 Bd5 40. Bf8 Kg5 41. Rxg7+ Kh4 42. Be7+ Kg3 43. g5 Ra3+ 44. Kd2 Kf4 45. g6 Ke4 46. Bxa3 1-0

[Event "Titled Tuesday intern op 09th Jan Late"]
[Site "Chess.com INT"]
[Date "2024.01.09"]
[Round "3"]
[White "Czerw, Dawid"]
[Black "Wang, Alexander J"]
[Result "1-0"]
[WhiteElo "2394"]
[BlackElo "1851"]
[PlyCount "59"]
[EventDate "2024.01.09"]
[EventType "swiss (blitz)"]
[EventRounds "11"]
[EventCountry "USA"]
[SourceTitle "EXT 2025"]
[Source "ChessBase"]
[SourceDate "2024.10.14"]
[SourceVersion "1"]
[SourceVersionDate "2024.10.14"]
[SourceQuality "1"]

1. e4 c5 2. Be2 d6 3. f4 Nc6 4. Nf3 g6 5. 0-0 Bg7 6. d3 Nf6 7. c3 0-0 8. Kh1 e5 9. Be3 b6 10. Nbd2 Bb7 11. Qe1 Nd7 12. f5 f6 13. g4 g5 14. h4 h6 15. Kg2 Rf7 16. Rh1 Kf8 17. Rh3 Ke7 18. Qg3 Qf8 19. hxg5 hxg5 20. Bxg5 fxg5 21. Nxg5 Bf6 22. Nxf7 Qxf7 23. g5 Rg8 24. g6 Qf8 25. Rah1 Rh8 26. Rh7+ Bg7 27. Qh4+ Nf6 28. Rxh8 Bxh8 29. Qxh8 Qxh8 30. Rxh8 1-0

[Event "Titled Tuesday intern op 09th Jan Late"]
[Site "Chess.com INT"]
[Date "2024.01.09"]
[Round "4"]
[White "Petersson, Kjell"]
[Black "Czerw, Dawid"]
[Result "0-1"]
[WhiteElo "2049"]
[BlackElo "2394"]
[PlyCount "150"]
[EventDate "2024.01.09"]
[EventType "swiss (blitz)"]
[EventRounds "11"]
[EventCountry "USA"]
[SourceTitle "EXT 2025"]
[Source "ChessBase"]
[SourceDate "2024.10.14"]
[SourceVersion "1"]
[SourceVersionDate "2024.10.14"]
[SourceQuality "1"]

1. d4 c5 2. d5 e6 3. Nc3 Nf6 4. e4 e5 5. Nf3 d6 6. Nd2 Be7 7. a4 0-0 8. Nc4 g6 9. Bh6 Re8 10. Be2 Bf8 11. Be3 Bg7 12. 0-0 Rf8 13. a5 Ne8 14. f4 exf4 15. Bxf4 a6 16. Nb6 Ra7 17. Ra3 Nd7 18. Nc4 Qe7 19. Bf3 Ne5 20. Bxe5 Bxe5 21. Nxe5 Qxe5 22. Qd2 Ra8 23. Na4 Rb8 24. Rb3 Nf6 25. Re1 Nd7 26. Kh1 Qe7 27. Qf4 Ne5 28. Be2 f5 29. Nb6 fxe4 30. Qxe4 Bf5 31. Qe3 Bxc2 32. Rc3 Bf5 33. Qg3 Rbe8 34. Re3 Qf7 35. Bf1 Be4 36. h3 Bxd5 37. Nxd5 Qxd5 38. b3 Qd4 39. Kh2 Qf4 40. Bc4+ Kg7 41. Qxf4 Rxf4 42. Bd5 Re7 43. R3e2 Rd4 44. Be4 d5 45. Bc2 Kf6 46. Rf1+ Ke6 47. Rfe1 Kd6 48. Kg1 Rf4 49. Kh2 Rff7 50. Rd2 Nc6 51. Red1 Nd4 52. Bb1 Re2 53. Rxe2 Nxe2 54. Re1 Re7 55. Rd1 Nc3 56. Rc1 Nxb1 57. Rxb1 d4 58. Rd1 Kd5 59. Kg3 Re3+ 60. Kf2 Rxb3 61. Rc1 c4 62. Ke2 Rb2+ 63. Kf3 c3 64. g4 Kc4 65. Ke4 d3 66. h4 Re2+ 67. Kf3 c2 68. Ra1 Kc3 69. Ra3+ Kd2 70. Ra2 Kd1 71. Ra1+ c1Q 72. Rxc1+ Kxc1 73. h5 Re1 74. hxg6 d2 75. gxh7 d1Q+ 0-1

[Event "Titled Tuesday intern op 09th Jan Late"]
[Site "Chess.com INT"]
[Date "2024.01.09"]
[Round "11"]
[White "Silvestre, Christian"]
[Black "Czerw, Dawid"]
[Result "0-1"]
[WhiteElo "1942"]
[BlackElo "2394"]
[PlyCount "60"]
[EventDate "2024.01.09"]
[EventType "swiss (blitz)"]
[EventRounds "11"]
[EventCountry "USA"]
[SourceTitle "EXT 2025"]
[Source "ChessBase"]
[SourceDate "2024.10.14"]
[SourceVersion "1"]
[SourceVersionDate "2024.10.14"]
[SourceQuality "1"]

1. e4 c5 2. Nc3 Nc6 3. f4 g6 4. Nf3 Bg7 5. Bc4 e6 6. d3 Nge7 7. f5 d5 8. Bb3 Nd4 9. fxe6 fxe6 10. 0-0 0-0 11. Nxd4 cxd4 12. Rxf8+ Qxf8 13. Ne2 dxe4 14. dxe4 Nc6 15. Nf4 Kh8 16. Nxe6 Bxe6 17. Bxe6 Qd6 18. Bd5 Be5 19. h3 Rf8 20. Bh6 Bh2+ 21. Kh1 Rf2 22. Qg4 Ne7 23. c3 Be5 24. cxd4 Bxd4 25. Rc1 Bc5 26. b4 Bb6 27. Bg5 Bc7 28. Rxc7 Qxc7 29. Qe6 Nxd5 30. exd5 Rf1# 0-1

[Event "Titled Tuesday intern op 09th Jan Late"]
[Site "Chess.com INT"]
[Date "2024.01.09"]
[Round "8"]
[White "Varela la Madrid, Maria"]
[Black "Czerw, Dawid"]
[Result "0-1"]
[WhiteElo "1968"]
[BlackElo "2394"]
[PlyCount "56"]
[EventDate "2024.01.09"]
[EventType "swiss (blitz)"]
[EventRounds "11"]
[EventCountry "USA"]
[SourceTitle "EXT 2025"]
[Source "ChessBase"]
[SourceDate "2024.10.14"]
[SourceVersion "1"]
[SourceVersionDate "2024.10.14"]
[SourceQuality "1"]

1. d4 d5 2. c4 c6 3. Nf3 Nf6 4. cxd5 cxd5 5. Nc3 Nc6 6. Bf4 a6 7. Rc1 Bg4 8. Ne5 Bd7 9. Nxd7 Qxd7 10. e3 e6 11. Be2 Bd6 12. Bxd6 Qxd6 13. 0-0 0-0 14. a3 b5 15. a4 b4 16. Nb1 Rfc8 17. Bd3 Na5 18. Qe2 Rxc1 19. Rxc1 Nb3 20. Rc2 a5 21. Bb5 Qf8 22. Qd3 Na1 23. Rc6 Rc8 24. Nd2 Rxc6 25. Bxc6 b3 26. Qb5 Qc8 27. Nxb3 Nxb3 28. Qxb3 Qxc6 0-1